LEADER 01007nam a2200217 i 4500 001 000000187504 003 CaOOAMICUS 005 20100318000000.0 008 100318s1929 it u000 u ita u 013 $a165595 040 $aSeMil$bita 100 1 $aArata, A.$0(OLS)http://semarc/name/68754 245 13$aIl collegio dei teologici dell'università di Piacenza :$bsua fondazione, sue vicende /$cA. Arata. 260 $aPiacenza :$bUnione Tipografica Piacentina,$c1929. 300 $aXVI, 250 p., [2] p. di tav. ;$c23 cm. 500 $aContiene : Bibliografia. - In mezzo al front : (con due tavole fuori testo). 650 4$aVicenza.$0(OLS)http://semarc/subject/8176 850 $aSeMil 852 $aSeMil$W1$xVenegono$y1$m3G IV 57$j138191$B138191$CSeMilBibl$Z2$F149647 $81 996 $6245$aIl collegio dei teologici dell'università di Piacenza :$bsua fondazione, sue vicende$9(OLS)http://semarc/title/269757 996 $6260$aPiacenza :$bUnione Tipografica Piacentina$9(OLS)http://semarc/publisher/45986 LEADER 00861nab a2200157 i 4500 001 000000264616 003 CaOOAMICUS 005 20060608000000.0 008 060608n xx uu u0 0und r 013 $a7411 040 $aSeMil$bita 100 1 $aBianchi, Italo.$0(OLS)http://semarc/name/83769 245 10$aMessa "De Angelis" :$bper Schola a 4 voci miste e Assemblea alternata al canto gregoriano. - 23 p. - Num. 4874 delle Ed. Carrara. - Indicazione errata sul verso della copertina : Anno 37, [i.e. 36.]. 500 $aMarzo-Aprile 2006. 773 0 $t[2006].$dBergamo : Ed. Carrara, copyr. 2006 (stampa 2006-2007)$w()149927 996 $6245$aMessa "De Angelis" :$bper Schola a 4 voci miste e Assemblea alternata al canto gregoriano. - 23 p. - Num. 4874 delle Ed. Carrara. - Indicazione errata sul verso della copertina : Anno 37, [i.e. 36.].$9(OLS)http://semarc/title/357068